III Curso de entrenamiento en manejo de humedales (Registro nro. 8320)

Detalles MARC
000 -CABECERA
Campo de control 00364nam a22001457a 4500
005 - FECHA Y HORA DE LA ULTIMA TRANSACCION
Campo de control 20140327143627.0
008 - ELEMENTOS DE LONGITUD FIJA—INFORMACION GENERAL
Campo de control 140327b2004 ck ||||| |||| 00| 0 spa d
041 ## - IDIOMA
Código de idioma para texto/pista de sonido o título separado Español
044 ## - PAÍS DE PUBLICACIÓN
País de publicación Colombia
090 ## - CLASIFICACIÓN LOCAL
Colección LB
Consecutivo 05896
245 ## - MENCION DE TITULO
Título III Curso de entrenamiento en manejo de humedales
260 ## - PUBLICACION, DISTRIBUCION, ETC. (PIE DE IMPRENTA)
Lugar de publicación, distribución, etc. Santa Marta
Nombre del editor, distribuidor, etc. s.e.
Fecha de publicación, distribución, etc. 2004
300 ## - DESCRIPCION FISICA
Extensión varios archivos
942 ## - ELEMENTOS ADICIONALES (KOHA)
Sistema de clasificación Local
Tipo de ítem CD-ROM
Existencias
Withdrawn status Lost status Sistema de Clasificación Damaged status No para préstamo Colección Ubicación Permanente Ubicación actual Fecha de adquisición Total Checkouts Número topográfico Inventario / Código de Barras Date last seen Ejemplar Price effective from Forma de adquisición Tipo de material
    Local     Audiovisual Bogotá Bogotá 27/03/2014   LB-05896 058566 27/03/2014 Ej. 1 27/03/2014   CD-ROM